Ekklēsia ē sekta?: peri tēs henotētas kai tōn synkruseōn kata ton prōïmo archegono christianismo
| Main Author: | |
|---|---|
| Format: | Print Article |
| Language: | Greek |
| Check availability: | HBZ Gateway |
| Interlibrary Loan: | Interlibrary Loan for the Fachinformationsdienste (Specialized Information Services in Germany) |
| Published: |
2006
|
| In: |
Deltio biblikōn meletōn
Year: 2006, Volume: 24, Issue: 1, Pages: 33-54 |
| Standardized Subjects / Keyword chains: | B
Primitive Christianity
/ Conflict handling
|
| IxTheo Classification: | HC New Testament |
| Further subjects: | B
Church
B Primitive Christianity B Community |
MARC
| LEADER | 00000caa a22000002c 4500 | ||
|---|---|---|---|
| 001 | 1644579928 | ||
| 003 | DE-627 | ||
| 005 | 20220616120551.0 | ||
| 007 | tu | ||
| 008 | 160405s2006 xx ||||| 00| ||gre c | ||
| 035 | |a (DE-627)1644579928 | ||
| 035 | |a (DE-576)465999654 | ||
| 035 | |a (DE-599)BSZ465999654 | ||
| 040 | |a DE-627 |b ger |c DE-627 |e rakwb | ||
| 041 | |a gre | ||
| 084 | |a 1 |2 ssgn | ||
| 100 | 1 | |0 (DE-588)115438106 |0 (DE-627)077252977 |0 (DE-576)163291942 |4 aut |a Theißen, Gerd |d 1943- | |
| 109 | |a Daigede 1943- |a Tajsen, Gerd 1943- |a Teisens, Gerds 1943- |a Ta i ssen, Ge leu teu 1943- |a T'aissen, G. 1943- |a Taisen, Geruto 1943- |a Theißen, G. 1943- |a Theissen, Gerd 1943- |a T'aissen, Kerŭt'ŭ 1943- |a Dai ge de 1943- |a T'aissen, K. 1943- |a Ta-i-ssen, Ge-leu-teu 1943- |a Taisen, G. 1943- |a Theißen, Gerd 1943- |a Ge leu teu Ta i sen 1943- |a Geleuteu-Taisen 1943- | ||
| 245 | 1 | 0 | |a Ekklēsia ē sekta? |b peri tēs henotētas kai tōn synkruseōn kata ton prōïmo archegono christianismo |c Gerd Theissen |
| 264 | 1 | |c 2006 | |
| 336 | |a Text |b txt |2 rdacontent | ||
| 337 | |a ohne Hilfsmittel zu benutzen |b n |2 rdamedia | ||
| 338 | |a Band |b nc |2 rdacarrier | ||
| 500 | |a Deutscher Paralleltitel: Kirche oder Sekte? : über Einheit und Konflikt im frühen Urchristentum. - Deutsch in: Theologie der Gegenwart. - 48. 2005, 3. - S. 162-175 | ||
| 650 | 0 | 7 | |0 (DE-588)4062115-7 |0 (DE-627)10445198X |0 (DE-576)209142537 |a Urchristentum |2 gnd |
| 650 | 0 | 7 | |0 (DE-588)4030702-5 |0 (DE-627)104731745 |0 (DE-576)208988742 |a Kirche |2 gnd |
| 650 | 0 | 7 | |0 (DE-588)4020015-2 |0 (DE-627)106319590 |0 (DE-576)208931538 |a Gemeinschaft |2 gnd |
| 652 | |a HC | ||
| 689 | 0 | 0 | |d s |0 (DE-588)4062115-7 |0 (DE-627)10445198X |0 (DE-576)209142537 |2 gnd |a Urchristentum |
| 689 | 0 | 1 | |d s |0 (DE-588)4164954-0 |0 (DE-627)105443522 |0 (DE-576)209892145 |2 gnd |a Konfliktbewältigung |
| 689 | 0 | |5 (DE-627) | |
| 773 | 0 | 8 | |i In |t Deltio biblikōn meletōn |d Athēna : Ekdoseis "Artos Zōēs", 1971 |g 24(2006), 1, Seite 33-54 |w (DE-627)166757918 |w (DE-600)302135-X |w (DE-576)015194981 |x 1012-2311 |7 nnas |
| 773 | 1 | 8 | |g volume:24 |g year:2006 |g number:1 |g pages:33-54 |
| 935 | |a mteo |a BIIN | ||
| 951 | |a AR | ||
| BIB | |a 1 | ||
| ELC | |b 1 | ||
| ITA | |a 1 |t 1 | ||
| LOK | |0 000 xxxxxcx a22 zn 4500 | ||
| LOK | |0 001 3311364856 | ||
| LOK | |0 003 DE-627 | ||
| LOK | |0 004 1644579928 | ||
| LOK | |0 005 20160405135735 | ||
| LOK | |0 008 160404||||||||||||||||ger||||||| | ||
| LOK | |0 040 |a DE-Tue135 |c DE-627 |d DE-Tue135 | ||
| LOK | |0 092 |o n | ||
| LOK | |0 852 |a DE-Tue135 | ||
| LOK | |0 852 1 |9 00 | ||
| LOK | |0 935 |a ixzs |a ixmi | ||
| LOK | |0 936ln |0 1442044136 |a HC | ||
| LOK | |0 939 |a 04-04-16 |b l01 | ||
| LOK | |0 000 xxxxxcx a22 zn 4500 | ||
| LOK | |0 001 3311364899 | ||
| LOK | |0 003 DE-627 | ||
| LOK | |0 004 1644579928 | ||
| LOK | |0 005 20190311212322 | ||
| LOK | |0 008 190311||||||||||||||||ger||||||| | ||
| LOK | |0 035 |a (DE-Tue135-1)172249 | ||
| LOK | |0 040 |a DE-Tue135-1 |c DE-627 |d DE-Tue135-1 | ||
| LOK | |0 852 |a DE-Tue135-1 | ||
| LOK | |0 852 1 |c 21/ZA2781/24/TNG |m p |9 00 | ||
| LOK | |0 852 2 |b UB-Tü |9 00 | ||
| LOK | |0 935 |a iZSA | ||
| LOK | |0 936ln |0 1442044136 |a HC | ||
| LOK | |0 938 |k p | ||
| LOK | |0 938 |l Urchristentum * Konfliktbewältigung Deutscher Paralleltitel: Kirche oder Sekte? Über Einheit und Konflikt im frühen Urchristentum Deutsch in: Theologie der Gegenwart. - 48. 2005, 3. - S. 162-175 |8 0 | ||
| LOK | |0 939 |a 11-03-19 |b l12 | ||
| ORI | |a SA-MARC-ixtheoa001.raw | ||
| STA | 0 | 0 | |a Church,Church,Church,Church in literature,Community,Community,Conflict handling,Primitive Christianity,Early Christianity,Early Church,Urchristentum,Urgemeinde |
| STB | 0 | 0 | |a Communauté,Communauté,Gestion de conflit,Paléochristianisme,Christianisme des origines,Christianisme des origines,Église,Église |
| STC | 0 | 0 | |a Comunidad,Comunidad,Comunión,Comunión,Comunión (Motivo),Comunión,Cristianismo de las orígenes,Gestión de conflictos,Iglesia,Iglesia |
| STD | 0 | 0 | |a Chiesa,Chiesa,Comunità,Comunità,Cristianesimo delle origini,Protocristianesimo,Protocristianesimo,Gestione dei conflitti |
| STE | 0 | 0 | |a 冲突处理,原始基督教,早期基督教,教会,教会,群体,群体,共同体,社群,共同体,社群 |
| STF | 0 | 0 | |a 原始基督教,早期基督教,教會,教會,群體,群體,共同體,社群,共同體,社群,衝突處理 |
| STG | 0 | 0 | |a Comunidade,Comunidade,Comunhão (Motivo),Comunhão,Cristianismo das origens,Gestão de conflitos,Igreja,Igreja |
| STH | 0 | 0 | |a Единство,Единство,Преодоление конфликта,Раннее христианство,Церковь (мотив),Церковь |
| STI | 0 | 0 | |a Διαχείριση συγκρούσεων,Εκκλησία (μοτίβο),Εκκλησία,Κοινότητα (μοτίβο),Κοινότητα,Πρώιμος Χριστιανισμός,Πρωτοχριστιανισμός |
| SUB | |a BIB | ||
| SYE | 0 | 0 | |a Kirchengeschichte 30-100,Urgemeinde,Urkirche , Church,Christliche Kirche,Christliche Kirche,Ekklesia , Rosenberg-Kirche,Notre-Dame-de-l'Assomption,Ste-Trinité,Sainte-Trinité , Community,Soziale Gemeinschaft,Gemeinschaften |
| SYG | 0 | 0 | |a Kirchengeschichte 30-100,Urgemeinde,Urkirche , Konflikt |
| TIM | |a 100000300101_100001001231 |b Kirchengeschichte 30-100 | ||